Wortgemisch - Asiatische Hauptstädte - Statistiken

Allgemein
  • Dieses Quiz wurde 1.611 mal gespielt
  • Das Durchschnittsergebnis liegt bei 14 aus 20
Antwortstatistiken
Hauptstadt % Korrekt
Tokio
93%
Doha
90%
Baku
87%
Dili
87%
Bagdad
85%
Riad
84%
Malé
82%
Hanoi
81%
Tiflis
81%
Bangkok
80%
Peking
80%
Dhaka
79%
Amman
78%
Jakarta
78%
Sanaa
78%
Ankara
77%
Seoul
77%
Kabul
71%
Manama
71%
Jerewan
65%
Jerusalem
65%
Manila
65%
Astana
64%
Bischkek
63%
Damaskus
62%
Taipeh
62%
Kathmandu
60%
Teheran
59%
Beirut
58%
Vientiane
54%
Singapur
53%
Thimphu
53%
Islamabad
51%
Maskat
51%
Taschkent
50%
Duschanbe
47%
Naypyidaw
46%
Nikosia
46%
Keine übereinstimmenden Quizze gefunden
Verteilung der Resultate
Anzahl Personen mit jedem Resultat
Perzentil nach korrekt beantworteten Fragen
Ihre Resultats-Entwicklung
Sie haben dieses Quiz noch nicht gespielt